000 00637nam a2200181 i 4500
001 59661
003 ES-MaACL
005 20250822063124.0
007 t|
008 031030s1959 sp ||||1| spa d
100 1 _aEnríquez de Salamanca, Fernando,
_d1890-1966
_947286
245 1 0 _aEnfermedades del aparato locomotor /
_cpor Fernando Enrique de Salamanca Danvila y Amador Schüller Pérez.
260 _aMadrid :
_bEspasa-Calpe,
_c1959 (
_fSchüller Pérez)
300 _a718 p., 4 lám. :
_bil. ;
_c25 cm.
700 1 _aSchüller Pérez, Amador.
_9104762
852 _aES-MaACL
_jC-16421
_bR.44249
999 _c59661
_d59661